Statistics for Diaspora-Serbia

Click here to take the quiz!

General Stats

  • This quiz has been taken 129 times
  • The average score is 22 of 27

Answer Stats

Number of immigrants Continent Country % Correct
750.000-1.000.000North AmericaUnited States of America
100%
200.000-250.000North AmericaCanada
100%
130.000OceaniaAustralia
97%
24.499Asia/ EuropeRussia
97%
272.145EuropeGermany
96%
262.072EuropeAustria
93%
116.793EuropeFrance
93%
83.735EuropeSweden
93%
7.000EuropeSpain
92%
8.161EuropeUnited Kingdom
92%
39.937EuropeItaly
91%
6.396EuropeNorway
89%
15.000Asia/ EuropeTurkey
88%
21.000South AmericaBrazil
88%
5.000South AmericaArgentina
87%
64.490EuropeSwitzerland
85%
10.000EuropeHungary
83%
25.835EuropeGreece
79%
7.000EuropeDenmark
76%
5.000-7.000OceaniaNew Zealand
75%
6.937EuropeRomania
74%
6.937EuropeBelgium
71%
20.000AfricaSouth Africa
70%
7.784EuropeSlovenia
69%
6.500AsiaUnited Arab Emirates
44%
7.000EuropeLuxembourg
33%
5.000EuropeCyprus
31%

Score Distribution

Percentile by Number Answered

Percent of People with Each Score

Your Score History

You have not taken this quiz